Исследование влияния геометрии на стационарные состояния взрывоэмиссионных сильноточных диодов; Тезисы докладов XX Всесоюзной конференции по эмиссионной электронике, Киев, 17-19 ноября 1987; Т. 1

Podrobná bibliografie
Parent link:Тезисы докладов XX Всесоюзной конференции по эмиссионной электронике, Киев, 17-19 ноября 1987: в 2 т./ Академия наук СССР (АН СССР) ; Академия наук Украинской ССР (АН УССР), Институт физики (ИФ).— , 1987
Т. 1.— 1987.— С. 249
Další autoři: Григорьев В. П. Владимир Петрович, Жерлицын А. Г. Алексей Григорьевич, Коваль Т. В. Тамара Васильевна, Кузнецов С. И. Сергей Иванович, Мельников Г. В. Геннадий Васильевич
Jazyk:ruština
Vydáno: 1987
Témata:
Médium: MixedMaterials Kapitola
KOHA link:https://koha.lib.tpu.ru/cgi-bin/koha/opac-detail.pl?biblionumber=226620

MARC

LEADER 00000naa2a2200000 4500
001 226620
005 20231031201212.0
035 |a (RuTPU)RU\TPU\book\247007 
090 |a 226620 
100 |a 20121125d1987 k y0rusy50 ca 
101 0 |a rus 
102 |a RU 
200 1 |a Исследование влияния геометрии на стационарные состояния взрывоэмиссионных сильноточных диодов  |f В. П. Григорьев [и др.] 
320 |a Библиогр.: с. 249 (1 назв.) 
461 0 |0 (RuTPU)RU\TPU\book\238215  |t Тезисы докладов XX Всесоюзной конференции по эмиссионной электронике, Киев, 17-19 ноября 1987  |o в 2 т.  |f Академия наук СССР (АН СССР) ; Академия наук Украинской ССР (АН УССР), Институт физики (ИФ)  |d 1987 
463 0 |0 (RuTPU)RU\TPU\book\246754  |t Т. 1  |v С. 249  |d 1987  |p 252 с. 
610 1 |a труды учёных ТПУ 
701 1 |a Григорьев  |b В. П.  |c математик  |c профессор Томского политехнического университета, доктор физико-математических наук  |f 1941-  |g Владимир Петрович  |2 stltpush  |3 (RuTPU)RU\TPU\pers\18595  |4 070 
701 1 |a Жерлицын  |b А. Г.  |c российский ученый, специалист в области релятивистской СВЧ электроники  |c заведующий лабораторией Физико-технического института Томского политехнического университета, кандидат технических наук  |f 1948-  |g Алексей Григорьевич  |2 stltpush  |3 (RuTPU)RU\TPU\pers\28821  |4 070 
701 1 |a Коваль  |b Т. В.  |c математик, физик  |c профессор Томского политехнического университета, доктор физико-математических наук  |f 1953-  |g Тамара Васильевна  |2 stltpush  |3 (RuTPU)RU\TPU\pers\25463  |4 070 
701 1 |a Кузнецов  |b С. И.  |c физик  |c доцент Томского политехнического университета, кандидат технических наук  |f 1952-  |g Сергей Иванович  |2 stltpush  |3 (RuTPU)RU\TPU\pers\27957  |4 070 
701 1 |a Мельников  |b Г. В.  |c российский физик  |c старший научный сотрудник НИИ ядерной физики Томского политехнического университета, кандидат физико-математических наук  |f 1953-2010  |g Геннадий Васильевич  |2 stltpush  |3 (RuTPU)RU\TPU\pers\25680  |4 070 
801 1 |a RU  |b 63413507  |c 20121125 
942 |c BK